000 00492nam a2200181Ia 4500
001 44270
008 140428s9999 xx 000 0 und d
020 _aNA
040 _cPK-LaUMT
082 _aRHC 891.4396
_bABD-M
100 _aAbdul Qawi Dasnavi
245 _aMakaateeb Abdul Haq banaam mahvi (Urdu)
_cAbdul Qawi Dasnavi
260 _aKarachi,Pakistan:
_bAnjaman-e-Taraqi Urdu Pakistan,
_c1980
300 _a48 p.
546 _aUR
650 _aPakistani literature-Urdu
942 _cBK
999 _c42263
_d42263